000 00870cab a2200289 4500
001 ABS58554
008 090401t1998 xxu||||| |||| 00| 0 eng d
035 _a(Sirsi) u85850
041 _aeng
100 _aCundell, I.
245 _aRuling the nation
260 _c1998
350 _a0
490 _aProperty Week
_v63(2) 24 April 1998, 26-27(2)
520 _aInvestigates DTZ Debenham Thorpe`s nationwide analysis on sources of demand of commercial property, looking at eight UK cities. graphs.
650 _aPROPERTY-COMMERCIAL PROPERTY
650 _aDEMAND
650 _aDTZ DEBENHAM THORPE
650 _aFINANCIAL CENTRES
650 _aNEWCASTLE UPON TYNE
650 _aNEWCASTLE
650 _aRESEARCH
650 _aSUPPLY AND DEMAND
690 _aPROPERTY-COMMERCIAL PROPERTY-COMMERCIAL PROPERTY MARKET
942 _n0
948 _c28/04/1998
999 _c54002
_d54002